[Event "Oceania Zonal"]
[Site "Gold Coast AUS"]
[Date "2009.06.24"]
[Round "7"]
[White "Goundar,S"]
[Black "Chan,Jas"]
[Result "1/2-1/2"]
[WhiteElo "1903"]
[BlackElo "2056"]

1.Nf3 Nf6 2.d4 g6 3.c4 Bg7 4.Nc3 O-O 5.e4 d6 6.Be2 e5 7.O-O Nc6 8.d5 Ne7
9.b4 Nh5 10.Re1 f5 11.Ng5 Nf6 12.Bf3 c6 13.Be3 h6 14.Ne6 Bxe6 15.dxe6 fxe4
16.Nxe4 Nxe4 17.Bxe4 d5 18.cxd5 cxd5 19.Bc5 dxe4 20.Qxd8 Rfxd8 21.Bxe7 Re8
22.Bc5 b6 23.Be3 Rxe6 24.Rac1 Rd8 25.Rc7 a6 26.a4 b5 27.axb5 axb5 28.Rb7 Rd5
29.Bc5 Re8 30.g3 e3 31.Rxe3 e4 32.Ra3 Rf5 33.Rxb5 h5 34.Rba5 h4 35.gxh4 Rf4
36.Ra8 Rxa8 37.Rxa8+ Kh7 38.Be3 Rxh4 39.b5 Rh5 40.b6 Rb5 41.Ra7 Kg8 42.Rc7 Be5
43.Rc5 Rxc5 44.Bxc5 Kf7 45.b7 Bb8 46.h3 Ke6 47.Be3 Kd5 48.Kg2 Kc6 49.h4 Kxb7
50.Kh3 Kc6 51.Kg4 Bc7 52.Kg5 Bd8+ 53.Kxg6 Bxh4 54.Ba7  1/2-1/2

[Event "Open"]
[Site "Albena BUL"]
[Date "2009.06.25"]
[Round "6"]
[White "Spiridonov,Niko1"]
[Black "Dobrev,Nay"]
[Result "0-1"]
[WhiteElo "2359"]
[BlackElo "2137"]

1.d4 Nf6 2.c4 d6 3.Nc3 g6 4.e4 Bg7 5.Be2 O-O 6.Nf3 e5 7.O-O Nc6 8.d5 Ne7
9.b4 Ne8 10.c5 h6 11.Ne1 f5 12.f3 f4 13.Nd3 g5 14.a4 Rf7 15.b5 Bf8 16.c6 h5
17.cxb7 Bxb7 18.Na2 Rg7 19.Nab4 Ng6 20.Nf2 Nh8 21.a5 Nf7 22.a6 Bc8 23.Nc6 Qf6
24.Ra3 Nh6 25.h3 Bd7 26.Bd2 Qg6 27.Ba5 Nf6 28.Ra2 g4 29.fxg4 hxg4 30.hxg4 Nhxg4
31.Nxg4 Bxg4 32.Bf3 Bxf3 33.Qxf3 Nxe4 34.Qd3 Rh7 35.Ra3 Rh4 36.Be1 Rg4 37.Ra2 Nf6
38.Qxg6+ Rxg6 39.Bf2 Nxd5 40.Bxa7 Ne7 41.Nxe7+ Bxe7 42.b6 cxb6 43.Bxb6 d5
44.Bf2 Raxa6 45.Rd2 d4 46.Re1 Rge6 47.Rb1 Reb6 48.Rxb6 Rxb6 49.Kf1 Bf6 50.Ke2 Rb3
51.Bg1 Kf7 52.Rd3 Rb1 53.Bh2 Ke6 54.Rd2 Rh1  0-1

[Event "Petr Izmailov Mem"]
[Site "Tomsk RUS"]
[Date "2009.06.25"]
[Round "2"]
[White "Pavlov,O"]
[Black "Shomoev,A"]
[Result "0-1"]
[WhiteElo "2328"]
[BlackElo "2580"]

1.d4 Nf6 2.Nf3 g6 3.c4 Bg7 4.Nc3 O-O 5.e4 d6 6.Be2 e5 7.O-O Nc6 8.d5 Ne7
9.Ne1 Nd7 10.Be3 f5 11.f3 f4 12.Bf2 g5 13.a4 a6 14.a5 Ng6 15.Na4 Nf6 16.c5 g4
17.cxd6 cxd6 18.Nb6 Rb8 19.Nxc8 Rxc8 20.Kh1 Qe7 21.Bb6 g3 22.h3 Nh4 23.Bd3 h6
24.Qe2 Nh7 25.Nc2 Ng5 26.Rfc1 Nxh3 27.gxh3 Qd7 28.Ne1 Qxh3+ 29.Kg1 g2 30.Nxg2 Nxf3+
31.Kf2 Qg3+ 32.Kf1 Rxc1+ 33.Rxc1 Nh2+ 34.Kg1 Ng4 35.Qe1 Qh2+ 36.Kf1 f3  0-1

[Event "Petr Izmailov Mem"]
[Site "Tomsk RUS"]
[Date "2009.06.26"]
[Round "3"]
[White "Tilicheev,V"]
[Black "Loskutov,O"]
[Result "1-0"]
[WhiteElo "2309"]
[BlackElo "2463"]

1.d4 Nf6 2.c4 g6 3.Nc3 Bg7 4.Nf3 O-O 5.e4 d6 6.Be2 e5 7.O-O Nc6 8.d5 Ne7
9.Ne1 Ne8 10.Be3 f5 11.f3 Kh8 12.c5 Ng8 13.a4 Bh6 14.Bf2 Ngf6 15.cxd6 cxd6
16.a5 Nh5 17.g3 Nhf6 18.Nd3 fxe4 19.fxe4 Bh3 20.Re1 Qc8 21.a6 bxa6 22.Bf1 Bxf1
23.Rxf1 Qh3 24.Kh1 Nh5 25.Ne2 Nef6 26.Ng1 Qd7 27.Qa4 Qb5 28.Rfd1 Ng4 29.Qxb5 Nxf2+
30.Nxf2 axb5 31.Ng4 Nf6 32.Nxh6 Kg7 33.Ra6 Kxh6 34.Re1 Rac8 35.Rxd6 Rc2 36.Re2 Rxe2
37.Nxe2 Nxe4 38.Rd7 Rf2 39.Nc3 Ng5 40.Kg1 Nh3+ 41.Kh1 Ng5 42.Kg1 Rxb2 43.d6 Rd2
44.h4 Nf3+ 45.Kf1 Rd3 46.Nxb5 a6 47.Nc7 e4 48.Ne8 Nh2+ 49.Ke2 Ng4 50.Re7 Rd4
51.d7 e3 52.Nc7 a5 53.Ne6 Rd2+ 54.Ke1 Ne5 55.Ng5  1-0

[Event "ZMD Open"]
[Site "Dresden GER"]
[Date "2009.07.01"]
[Round "8"]
[White "Jungbluth,M"]
[Black "Sturm,F"]
[Result "1-0"]
[WhiteElo "2055"]
[BlackElo "1916"]

1.d4 Nf6 2.c4 g6 3.Nc3 Bg7 4.e4 d6 5.Nf3 O-O 6.Be2 e5 7.O-O Nc6 8.d5 Ne7
9.Ne1 Nd7 10.Be3 f5 11.f3 f4 12.Bf2 g5 13.a4 Ng6 14.a5 Nf6 15.c5 Rf7 16.cxd6 cxd6
17.Nb5 g4 18.Nxa7 g3 19.Bb6 gxh2+ 20.Kh1 Qe7 21.Nxc8 Rxc8 22.Rc1 Rff8 23.a6 Nh5
24.Bf2 bxa6 25.Bxa6 Rxc1 26.Qxc1 Ng3+ 27.Bxg3 fxg3 28.Nd3 Qa7 29.Qc6 Qe3
30.Qxd6 Nh4 31.Qe6+ Kh8 32.Nxe5 Qd2 33.Qh3 Bxe5 34.Qxh4 Qxb2 35.f4 Bxf4 36.Qe7 Kg8
37.d6 Qb6 38.Bc4+  1-0

[Event "Petr Izmailov Mem"]
[Site "Tomsk RUS"]
[Date "2009.07.01"]
[Round "8"]
[White "Gutov,A"]
[Black "Yakunin,A"]
[Result "1-0"]
[WhiteElo "2459"]
[BlackElo "2371"]

1.d4 Nf6 2.c4 g6 3.Nc3 Bg7 4.e4 d6 5.Be2 O-O 6.Nf3 e5 7.O-O Nc6 8.d5 Ne7
9.Ne1 Nd7 10.Nd3 f5 11.Bd2 Nf6 12.f3 Kh8 13.a4 a5 14.b4 axb4 15.Nxb4 Neg8
16.Be3 Bh6 17.Bf2 Nh5 18.g3 fxe4 19.Nxe4 Ngf6 20.Nxf6 Nxf6 21.g4 Qe7 22.Bd3 Nd7
23.Bc2 Qf6 24.Kg2 Nc5 25.Qe2 b6 26.a5 Rxa5 27.Rxa5 bxa5 28.Nc6 Nb7 29.Rb1 Bg5
30.Rb5 Qf4 31.h4 Bd8 32.Na7  1-0

[Event "Petr Izmailov Mem"]
[Site "Tomsk RUS"]
[Date "2009.07.02"]
[Round "9"]
[White "Dmitrienko,And"]
[Black "Loskutov,O"]
[Result "0-1"]
[WhiteElo "2260"]
[BlackElo "2463"]

1.d4 Nf6 2.c4 g6 3.Nc3 Bg7 4.e4 d6 5.Nf3 O-O 6.Be2 e5 7.O-O Nc6 8.d5 Ne7
9.b4 c6 10.dxc6 Nxc6 11.a3 Bg4 12.Be3 Ne8 13.Qb3 Nc7 14.Rfd1 Bxf3 15.Bxf3 Ne6
16.Ne2 Qe7 17.Rac1 b6 18.g3 Rac8 19.Bg2 Rc7 20.Nc3 Qd8 21.Nd5 Rc8 22.Bh3 Kh8
23.Qd3 Rb8 24.Bxe6 fxe6 25.Nc3 Nd4 26.Bxd4 exd4 27.Nb5 e5 28.Nxa7 Qd7 29.Nb5 Rf6
30.Rc2 Rbf8 31.a4 Bh6 32.Kg2 g5 33.a5 bxa5 34.bxa5 g4 35.a6 Qc6 36.a7 Rf3
37.Qf1 Qxe4 38.Nxd6 Rxf2+  0-1

[Event "XXXII Open"]
[Site "Barbera ESP"]
[Date "2009.07.04"]
[Round "1"]
[White "Gonzalez Garcia,J2"]
[Black "Sanchez Romero,M"]
[Result "1-0"]
[WhiteElo "2509"]
[BlackElo "2251"]

1.d4 d6 2.Nf3 Nf6 3.c4 g6 4.Nc3 Bg7 5.e4 O-O 6.Be2 e5 7.O-O Nc6 8.d5 Ne7
9.b4 Nh5 10.Re1 a5 11.bxa5 c5 12.Nd2 Nf4 13.Bf1 f5 14.a4 Rxa5 15.Nb5 Ra6
16.Ra3 fxe4 17.Nxe4 Bf5 18.g3 Nh5 19.Bb2 Bxe4 20.Rxe4 Nf6 21.Re1 Nf5 22.Bh3 Nd7
23.Bxf5 gxf5 24.f4 Kh8 25.Qa1 Rg8 26.fxe5 Nxe5 27.Nxd6 Qxd6 28.Bxe5 Bxe5
29.Rxe5 Qf6 30.Rxf5 Qd4+ 31.Qxd4+ cxd4 32.Rf4 Rga8 33.Rxd4 Rxa4 34.Rxa4 Rxa4
35.d6 Ra8 36.c5 Rd8 37.Rb4 Rd7 38.Rxb7 Rxb7 39.c6  1-0

[Event "8th Open"]
[Site "La Fere FRA"]
[Date "2009.07.05"]
[Round "2"]
[White "Auroy,D"]
[Black "Siauve,J"]
[Result "1-0"]
[WhiteElo "2000"]
[BlackElo "1678"]

1.d4 Nf6 2.c4 g6 3.Nc3 Bg7 4.e4 d6 5.Nf3 O-O 6.Be2 e5 7.O-O Nc6 8.d5 Ne7
9.b4 a5 10.Ba3 axb4 11.Bxb4 b6 12.a4 Nd7 13.Qd3 f5 14.Ng5 Nf6 15.f3 h6 16.Ne6 Bxe6
17.dxe6 f4 18.Nd5 Re8 19.a5 c5 20.Bc3 bxa5 21.Rfd1 Nfxd5 22.cxd5 Qc7 23.Rdb1 Ra7
24.Qb5 Rea8 25.Bd1 Bf6 26.Ba4 Kf8 27.Rb2 Nc8 28.Qe8+ Kg7 29.Bd7 h5 30.Qf7+ Kh6
31.Qxf6 a4 32.Qh8+ Kg5 33.h4+  1-0

[Event "19th Heart of Finland Open"]
[Site "Jyvaskyla FIN"]
[Date "2009.07.07"]
[Round "1"]
[White "Savola,A"]
[Black "Gladyszev,O"]
[Result "0-1"]
[WhiteElo "1976"]
[BlackElo "2447"]

1.d4 Nf6 2.c4 g6 3.Nc3 Bg7 4.Nf3 d6 5.e4 O-O 6.Be2 e5 7.O-O Nc6 8.d5 Ne7
9.Ne1 Nd7 10.Qc2 f5 11.f4 exf4 12.Bxf4 h6 13.Rd1 g5 14.Be3 f4 15.Bd4 Bxd4+
16.Rxd4 Ne5 17.Nd3 c5 18.dxc6 N5xc6 19.Rd5 Nxd5 20.exd5 Nd4 21.Qd1 Nxe2+
22.Nxe2 Qb6+ 23.c5 dxc5 24.Nf2 Bf5 25.d6 Qc6 26.Qb3+ Rf7 27.Rd1 Rd8 28.Rd5 Be6
29.Nxf4 gxf4  0-1

[Event "37th Greek Teams"]
[Site "Kallithea GRE"]
[Date "2009.07.07"]
[Round "7"]
[White "Koutroukis,A"]
[Black "Diasakos,D"]
[Result "1-0"]
[WhiteElo "1841"]
[BlackElo "1690"]

1.d4 Nf6 2.c4 g6 3.Nc3 Bg7 4.e4 d6 5.Nf3 O-O 6.Be2 e5 7.O-O Nc6 8.d5 Ne7
9.Ne1 Ne8 10.Be3 f5 11.f3 f4 12.Bf2 Nf6 13.Rc1 g5 14.c5 Ng6 15.cxd6 cxd6
16.Nb5 Rf7 17.Nxa7 Rc7 18.Rxc7 Qxc7 19.Nxc8 Qxc8 20.a3 g4 21.Qc2 gxf3 22.Qxc8+ Rxc8
23.gxf3 Rc1 24.Bd3 Rd1 25.Bc4 Nd7 26.Nd3 Rxf1+ 27.Kxf1 Bf6 28.Bb5 Ngf8 29.b4 Kf7
30.Nb2 Bd8 31.Nc4 Bc7 32.Ke2 Ke8 33.Na5 Bxa5 34.bxa5 Kd8 35.a6 bxa6 36.Bxa6 Nb8
37.Bb5 Nfd7 38.Kd3 Kc7 39.Kc4 Nb6+ 40.Kb4 Kb7 41.a4 N6d7 42.Bxd7 Nxd7 43.Kb5 Nb8
44.a5 Na6 45.Bb6 Nb8 46.Bd8 Kc8 47.a6 Nxa6 48.Kxa6 Kxd8 49.Kb6 Kd7 50.Kb7 h5
51.h4 Kd8 52.Kc6 Ke7 53.Kc7  1-0

[Event "ChessCube SA Open"]
[Site "Cape Town RSA"]
[Date "2009.07.08"]
[Round "8"]
[White "Komarov,Di"]
[Black "Jones,G"]
[Result "1/2-1/2"]
[WhiteElo "2550"]
[BlackElo "2554"]

1.d4 Nf6 2.Nf3 g6 3.c4 Bg7 4.Nc3 O-O 5.e4 d6 6.Be2 e5 7.O-O Nc6 8.d5 Ne7
9.b4 c6 10.Nd2 a5 11.bxa5 Qxa5  1/2-1/2

[Event "KUTXA"]
[Site "Donostia ESP"]
[Date "2009.07.09"]
[Round "3"]
[White "Ubilava,E"]
[Black "Hamdouchi,H"]
[Result "1/2-1/2"]
[WhiteElo "2547"]
[BlackElo "2589"]

1.d4 Nf6 2.c4 g6 3.Nc3 Bg7 4.e4 d6 5.Nf3 O-O 6.Be2 e5 7.O-O Nc6 8.d5 Ne7
9.Ne1 Ne8 10.f3 f5 11.g4 Kh8 12.Ng2 Ng8 13.h4 Bd7 14.Be3 b6 15.Rb1 a5  1/2-1/2

[Event "32nd Aegean Open"]
[Site "Aghios Kirykos GRE"]
[Date "2009.07.11"]
[Round "1"]
[White "Lekic,D"]
[Black "Nikomanis,A"]
[Result "1-0"]
[WhiteElo "2394"]
[BlackElo "1926"]

1.d4 Nf6 2.c4 g6 3.Nc3 Bg7 4.e4 d6 5.Nf3 O-O 6.Be2 e5 7.O-O Nc6 8.d5 Ne7
9.b4 Nh5 10.Re1 f5 11.Ng5 Nf6 12.Bf3 c6 13.Ba3 Bh6 14.Ne6 Bxe6 15.dxe6 fxe4
16.Nxe4 Nxe4 17.Bxe4 d5 18.cxd5 cxd5 19.b5 dxe4 20.Qxd8 Rfxd8 21.Bxe7 Re8
22.Bc5 b6 23.Be3 Bf8 24.Rac1 Rxe6 25.Rc7 Re7 26.Rec1 Rd8 27.R7c4 Rd5 28.a4 Red7
29.g3 Kf7 30.Rxe4 Rd1+ 31.Rxd1 Rxd1+ 32.Kg2 Rd5 33.Rc4 Bd6 34.Rc8 Ke6 35.Ra8 Bc5
36.Bxc5 Rxc5 37.Rxa7 Rc4 38.Rxh7 Rxa4 39.Rb7 g5 40.Rxb6+ Kf5 41.Rb8 Rb4 42.b6 Kg6
43.b7 Kh7 44.Kf3 g4+ 45.Ke3 Kg7 46.Kd3 Kh7 47.Kc3 Rb1 48.Kc4 Kg7 49.Kd5 Rb5+
50.Kc6 Rb1 51.Rc8  1-0

[Event "IM"]
[Site "Saint-Lo FRA"]
[Date "2009.07.11"]
[Round "6"]
[White "Tripoteau,N"]
[Black "Coursaget,N"]
[Result "1-0"]
[WhiteElo "2398"]
[BlackElo "2339"]

1.d4 Nf6 2.c4 g6 3.Nc3 Bg7 4.e4 d6 5.Nf3 O-O 6.Be2 e5 7.O-O Nc6 8.d5 Ne7
9.Ne1 Ne8 10.Nd3 f5 11.Bd2 Nf6 12.f3 Bd7 13.c5 f4 14.Qb3 Bc8 15.Rac1 g5 16.Nb5 Ne8
17.Qa3 Ng6 18.Rc2 Bd7 19.c6 bxc6 20.dxc6 Be6 21.Rd1 Qb8 22.Ba5 Rf7 23.Nb4 a6
24.Nc3 h5 25.Kh1 g4 26.Nxa6 Qd8 27.Nc5 Bc8 28.Bc4 g3 29.Bxf7+ Kxf7 30.Qb3+ Kf8
31.Ne6+ Bxe6 32.Qxe6 Ne7 33.Qd7 Qb8 34.b4 Ra7 35.a4 Nf6 36.Qe6 Nxc6 37.Nb5 Nd4
38.Nxd4 exd4 39.Rxc7  1-0

[Event "IM"]
[Site "Condom FRA"]
[Date "2009.07.12"]
[Round "2"]
[White "Demuth,A"]
[Black "Brih,S"]
[Result "1/2-1/2"]
[WhiteElo "2339"]
[BlackElo "2318"]

1.d4 Nf6 2.c4 g6 3.Nc3 Bg7 4.e4 d6 5.Nf3 O-O 6.Be2 e5 7.O-O Nc6 8.d5 Ne7
9.Ne1 Ne8 10.Be3 f5 11.f3 f4 12.Bf2 h5 13.c5 g5 14.a4 Ng6 15.cxd6 cxd6 16.a5 Nf6
17.Nb5 g4 18.Nxa7 Bd7 19.Bb5 gxf3 20.Bxd7 Qxd7 21.Qxf3 Ng4 22.Bb6 Bh6 23.Ra3 Bg5
24.Qh3 Qh7 25.Nf3 Bd8 26.Nb5 Bxb6+ 27.axb6 Rxa3 28.bxa3 Rf6 29.a4 Nf8 30.Nc3 Nd7
31.a5 Nc5 32.Nd2 Qg6 33.Qf3 Ne3 34.Rf2 Qg4 35.Nf1 Nd3 36.Re2 Nc1 37.Re1 Nb3
38.Nxe3 Nd4 39.Qh3 fxe3 40.Qg3 Qxg3 41.hxg3 Rf8 42.Rxe3 Ra8 43.Ne2 Rxa5 44.Nxd4 exd4
45.Rd3 Rb5 46.Rxd4 Kf7 47.Rc4  1/2-1/2

[Event "KUTXA"]
[Site "Donostia ESP"]
[Date "2009.07.12"]
[Round "5"]
[White "Bauer,Ch"]
[Black "Hamdouchi,H"]
[Result "1/2-1/2"]
[WhiteElo "2602"]
[BlackElo "2589"]

1.d4 Nf6 2.c4 g6 3.Nc3 Bg7 4.e4 d6 5.Nf3 O-O 6.Be2 e5 7.O-O Nc6 8.d5 Ne7
9.Nh4 Nd7 10.g3 a5 11.Ng2 Nc5 12.Be3 Bd7 13.Qc2 b6 14.Rad1 f5 15.f3 Kh8 16.Qd2 Rf7
17.Rde1 Qc8 18.f4 Nxe4 19.Nxe4 fxe4 20.fxe5 Rxf1+ 21.Bxf1 dxe5 22.Bf2 Nf5
23.Rxe4 Qf8 24.Bd3 c5 25.Re1 Nd4  1/2-1/2

[Event "LTC Open A"]
[Site "Leiden NED"]
[Date "2009.07.13"]
[Round "4"]
[White "Savchenko,S"]
[Black "Rajesh,VA"]
[Result "1-0"]
[WhiteElo "2526"]
[BlackElo "2249"]

1.d4 Nf6 2.c4 g6 3.Nc3 Bg7 4.e4 d6 5.Nf3 O-O 6.Be2 e5 7.O-O Nc6 8.d5 Ne7
9.b4 Nh5 10.Re1 f5 11.Ng5 Nf6 12.Bf3 c6 13.b5 h6 14.Ne6 Bxe6 15.dxe6 fxe4
16.Nxe4 Nxe4 17.Bxe4 d5 18.cxd5 cxd5 19.Ba3 dxe4 20.Qxd8 Rfxd8 21.Bxe7 Re8
22.Bc5 Rxe6 23.Be3 a6 24.b6 Rd8 25.Rac1 Red6 26.g3 Kf7 27.Rc4 Bf6 28.Kg2 h5
29.Rec1 R8d7 30.Rxe4 Bd8 31.Rb4 Rd5 32.Rbc4 Ke6 33.R1c2 Rf7 34.a4 Kd7 35.Rc8 Ke6
36.h4 Rd6 37.a5 Rd5 38.Rb8 Rfd7 39.Rcc8 Be7 40.Rc7 Bd8 41.Rbxb7 R7d6 42.Rc5 Rd1
43.Rg7 Kf5 44.b7 Rb1 45.Rc1  1-0

[Event "Open"]
[Site "Rethymno GRE"]
[Date "2009.07.14"]
[Round "4"]
[White "Antic,De"]
[Black "Karabalis,H"]
[Result "1-0"]
[WhiteElo "2523"]
[BlackElo "2263"]

1.d4 Nf6 2.c4 g6 3.Nc3 Bg7 4.e4 d6 5.Nf3 O-O 6.Be2 e5 7.O-O Nc6 8.d5 Ne7
9.b4 Nh5 10.Re1 f5 11.Ng5 Nf6 12.Bf3 c6 13.Ba3 h6 14.Ne6 Bxe6 15.dxe6 fxe4
16.Bxe4 d5 17.cxd5 cxd5 18.b5 Nxe4 19.Nxe4 dxe4 20.Qxd8 Rfxd8 21.Bxe7 Re8
22.Bc5 Rxe6 23.Be3 a6 24.b6 Rc8 25.Rac1 Rec6 26.Rxc6 Rxc6 27.Rd1 Rf6 28.Kf1 Bf8
29.Rd8 g5 30.Rb8 Rf7 31.Bc5 e3 32.f3 e4 33.Ke2 exf3+ 34.gxf3 Kg7 35.Bxf8+ Rxf8
36.Rxb7+ Kg6 37.Kxe3 Rf5 38.Ra7  1-0

[Event "ch-SCO"]
[Site "Edinburgh SCO"]
[Date "2009.07.16"]
[Round "6"]
[White "Kjartansson,G"]
[Black "Arakhamia,K"]
[Result "1/2-1/2"]
[WhiteElo "2356"]
[BlackElo "2506"]

1.d4 Nf6 2.c4 g6 3.Nc3 Bg7 4.e4 d6 5.Nf3 O-O 6.Be2 e5 7.O-O Nc6 8.d5 Ne7
9.b4 Nh5 10.Re1 Kh8 11.Nd2 Nf4 12.Bf1 f5 13.a4 a5 14.bxa5 c5 15.Nb5 Rxa5
16.Ra3 fxe4 17.Nxe4 Ra6 18.g3 Nh5 19.Bg5 Nf6 20.Bxf6 Bxf6 21.Nxf6 Rxf6 22.f4 exf4
23.Qa1 Kg7 24.gxf4 Nf5 25.Bh3 Kf7 26.Re4 Bd7 27.Qe1 Ra8 28.Bxf5 gxf5 29.Re2 Rg6+
30.Kh1 Qf8 31.Rh3 h6 32.Nc7 Rc8 33.Ne6 Bxe6 34.dxe6+ Ke7 35.Qb1 Rc7 36.Rg3 Rxe6
37.Rxe6+ Kxe6 38.Rg6+ Kd7 39.Qb6 Qe7 40.Qb5+ Rc6 41.Qxb7+ Rc7 42.Qb5+ Rc6
43.Qb7+ Rc7 44.Qd5 Ra7 45.Qxf5+ Kc7 46.Re6 Qd7 47.Qe4 Qxa4 48.Qh7+ Kc6 49.Qe4+ Kc7
50.Re7+ Kd8 51.Rxa7 Qxa7 52.Qe6 Qb7+ 53.Kg1 Qg7+ 54.Kf2 Qd4+ 55.Kf3 h5 56.Qe4 Qc3+
57.Kg2 Qg7+ 58.Kf2 Qb2+ 59.Qe2 Qd4+ 60.Kg3 Qc3+ 61.Kh4 Qf6+ 62.Kg3 Qc3+ 63.Kh4 Qf6+
64.Kg3  1/2-1/2

[Event "6th South Wales Int"]
[Site "Treforest WLS"]
[Date "2009.07.16"]
[Round "9"]
[White "Marusenko,P"]
[Black "Zhou,Y"]
[Result "1-0"]
[WhiteElo "2323"]
[BlackElo "2265"]

1.d4 Nf6 2.c4 g6 3.Nc3 Bg7 4.e4 d6 5.Nf3 O-O 6.Be2 e5 7.O-O Nc6 8.d5 Ne7
9.b4 Nh5 10.c5 Nf4 11.Bxf4 exf4 12.Rc1 h6 13.Nd4 f5 14.cxd6 cxd6 15.Bf3 Qb6
16.Ne6 Qxb4 17.Nxf8 Bxc3 18.Qd3 Bb2 19.Rc4 Qa3 20.Qxa3 Bxa3 21.Ne6 Bxe6 22.dxe6 d5
23.exd5 Bd6 24.g3 fxg3 25.hxg3 Kg7 26.Rfc1 Kf6 27.Rc7 Bxc7 28.Rxc7 Nc8 29.Rxb7 Nd6
30.Rd7 Ke5 31.Bg2 Nc4 32.f4+ Kd4 33.e7 Re8 34.Rxa7 g5 35.Ra4 Rxe7 36.Bf1 Re1
37.Rxc4+ Kxd5 38.Ra4 Rc1 39.Kf2 gxf4 40.Rxf4 Rc2+ 41.Ke3 Ke5 42.Rxf5+  1-0

[Event "1st Artemis Cup"]
[Site "Leros GRE"]
[Date "2009.07.18"]
[Round "8"]
[White "Kostiukova,L"]
[Black "Hunt,A"]
[Result "1/2-1/2"]
[WhiteElo "2208"]
[BlackElo "2428"]

1.d4 Nf6 2.c4 g6 3.Nc3 Bg7 4.e4 d6 5.Be2 O-O 6.Nf3 e5 7.O-O Nc6 8.d5 Ne7
9.b4 Nh5 10.Re1 f5 11.Ng5 Nf6 12.f3 Nh5 13.Bf1 h6 14.Ne6 Bxe6 15.dxe6 fxe4
16.fxe4 Nf4 17.Qb3 Nc6 18.c5 Kh7 19.Ne2 dxc5 20.bxc5 Nxe2+ 21.Bxe2 Nd4 22.Qd5 Qe7
23.Bd1 c6 24.Qd7 Rae8 25.Rb1 Qxc5 26.Rxb7 Nxe6+ 27.Be3 Qc3 28.Bf2 Rxf2 29.Kxf2 Qd4+
30.Qxd4 exd4 31.Ba4 Nc5 32.Bxc6 Rf8+ 33.Ke2 Nxb7  1/2-1/2

[Event "TCh Eur-Youth U18"]
[Site "Pardubice CZE"]
[Date "2009.07.18"]
[Round "3"]
[White "Hajbok,R"]
[Black "Klim,K"]
[Result "0-1"]
[WhiteElo "2274"]
[BlackElo "2280"]

1.d4 Nf6 2.c4 g6 3.Nc3 Bg7 4.e4 d6 5.Nf3 O-O 6.Be2 e5 7.O-O Nc6 8.d5 Ne7
9.Ne1 Nd7 10.Be3 f5 11.f3 f4 12.Bf2 g5 13.a4 Ng6 14.a5 h5 15.Nb5 Nf6 16.Nxa7 g4
17.Nxc8 g3 18.hxg3 fxg3 19.Bxg3 h4 20.Bh2 Rxc8 21.Nd3 Nh5 22.f4 Ng3 23.f5 Qg5
24.Bxg3 hxg3 25.Bg4 Nf4 26.Nxf4 exf4 27.Bh3 Kf7 28.Ra3 Be5 29.b4 Rh8 30.Rd3 Rh4
31.Qa4 Rd8 32.c5 Qh5 33.Rff3 Bd4+ 34.Kf1 Rxh3 35.gxh3 Qxh3+ 36.Ke2 Qh2+ 37.Kd1 g2
38.Kc2 g1=Q+ 39.Kb3 Qc1  0-1

[Event "XXVII Andorra Open"]
[Site "Arinsal AND"]
[Date "2009.07.19"]
[Round "2"]
[White "Marin,Mi"]
[Black "Simon Padros,E"]
[Result "1-0"]
[WhiteElo "2583"]
[BlackElo "2281"]

1.c4 Nf6 2.d4 g6 3.Nc3 Bg7 4.e4 d6 5.Nf3 O-O 6.Be2 e5 7.O-O Nc6 8.d5 Ne7
9.Nd2 Nd7 10.b4 f5 11.c5 Nf6 12.f3 h5 13.Nc4 f4 14.a4 g5 15.Ba3 Ne8 16.b5 Ng6
17.a5 Rf7 18.b6 cxb6 19.axb6 a6 20.c6 Bf8 21.Na4 Rg7 22.Na5 Nh4 23.Bb4 g4
24.cxb7 Bxb7 25.Nxb7 Rxb7 26.fxg4 hxg4 27.Bxg4 Rg7 28.Be1 Qg5 29.Bxh4 Qxh4
30.Be6+ Kh8 31.Ra3 Qg5 32.Rh3+ Rh7 33.Qg4 Be7 34.Rff3 Qxg4 35.Bxg4 Rb8 36.Rxh7+ Kxh7
37.Rc3 Bd8 38.Rc6 Kg7 39.Bd7 Nf6 40.Bf5 Ne8 41.Kf1 Kf8 42.Ke2 Ke7 43.Kd3 Nf6
44.Kc4 Nd7 45.Bxd7 Kxd7 46.Kb4 Rc8 47.Rxc8 Kxc8 48.Kc4 Kb7 49.Kd3 a5 50.Kc4 Ka6
51.b7 Kxb7 52.Kb5 Ka7 53.Nb2 Kb7 54.Nc4 Kc7 55.Kxa5 Bh4 56.Ka6 Be1 57.Na3 Bf2
58.Nb5+ Kd7 59.Kb7 Be1 60.Nc7 Bh4 61.Na8 Bf2 62.Nb6+ Kd8 63.Kc6 Bc5 64.Nc4  1-0

[Event "ch-SCO"]
[Site "Edinburgh SCO"]
[Date "2009.07.19"]
[Round "9"]
[White "Kjartansson,G"]
[Black "Hebden,M"]
[Result "1/2-1/2"]
[WhiteElo "2356"]
[BlackElo "2468"]

1.c4 g6 2.Nc3 Bg7 3.d4 Nf6 4.e4 d6 5.Nf3 O-O 6.Be2 e5 7.O-O Nc6 8.d5 Ne7
9.b4 Nh5 10.Re1 a5 11.bxa5 Rxa5 12.Nd2 Nf4 13.Bf1 c5 14.a4 Kh8 15.Ra3 Ng8
16.Nb5 Nh6 17.Nf3 Ra6 18.Bd2 f6 19.Qc1 g5 20.g3 Nh3+ 21.Kg2 Ng4 22.Re2 h6
23.Ne1 Ngxf2 24.Rxf2 Nxf2 25.Kxf2 f5 26.exf5 Bxf5 27.Kg1 Qf6 28.Rf3 g4 29.Rf2 Rxa4
30.Bd3 e4 31.Bc3 Qg5 32.Qc2 exd3 33.Qxa4 Bxc3 34.Nxc3 Qe3 35.Qa1 Qd4 36.Qc1 Bh7
37.Nxd3 Rf3 38.Ne2 Qxd3 39.Qa1+ Kg8 40.Qa8+ Kg7 41.Qxb7+ Kf6 42.Qb2+ Kf7
43.Qb7+ Kf6 44.Qb2+ Kf7 45.Qb7+  1/2-1/2

[Event "Najdorf Mem Open"]
[Site "Warsaw POL"]
[Date "2009.07.19"]
[Round "2"]
[White "Rasmussen,U"]
[Black "Plichta,K"]
[Result "1/2-1/2"]
[WhiteElo "2148"]
[BlackElo "2039"]

1.d4 Nf6 2.c4 g6 3.Nc3 Bg7 4.e4 d6 5.Nf3 O-O 6.Be2 e5 7.O-O Nc6 8.d5 Ne7
9.a4 Nd7 10.b4 f5 11.Nd2 Nf6 12.Ba3 f4 13.c5 g5 14.f3 Ng6 15.Nc4 h5 16.b5 dxc5
17.Bxc5 Rf7 18.Kh1 g4 19.d6 Bf8 20.Qb3 cxd6 21.Nxd6 Bxd6 22.Rad1 Ne8 23.Bc4 Nh8
24.Rxd6 Nxd6 25.Rd1 Qh4 26.Rxd6 g3 27.Bxf7+ Kg7 28.Bg1 Nxf7 29.Rd1 Qg5 30.Qa2 b6
31.Nd5 Be6 32.Rc1 Qd8 33.Rc6 Bd7 34.Nc7 Rc8 35.Ne6+ Bxe6 36.Qxe6 Rxc6 37.bxc6 h4
38.a5 bxa5 39.Bxa7 a4 40.Bc5 Qd1+ 41.Bg1 Qd6 42.Qc4 h3 43.c7 Qd2 44.Qf1 Nd6
45.gxh3 a3 46.hxg3 Qc3 47.gxf4 Kf7 48.fxe5 Nc8 49.Qd1 Ne7 50.Bd4 Qc4 51.Qa1 a2
52.e6+ Qxe6 53.Kg2 Qc4 54.Bf6 Qc2+ 55.Kg3 Qxc7+ 56.Qe5 a1=Q 57.Qxc7 Qg1+
58.Kh4 Kxf6 59.Qf4+ Kg6 60.Qg4+ Qxg4+ 61.Kxg4 Ng8 62.e5 Ne7 63.h4 Kh6 64.f4 Ng6
65.h5 Nf8 66.Kh4 Nd7 67.Kg4 Nf8 68.Kf5 Kxh5 69.e6 Ng6 70.Ke4 Ne7 71.f5 Kg5
72.Ke5 Nxf5  1/2-1/2

[Event "Najdorf Mem Open"]
[Site "Warsaw POL"]
[Date "2009.07.19"]
[Round "2"]
[White "Genutis,M"]
[Black "Baumann,D"]
[Result "1-0"]
[WhiteElo "2317"]
[BlackElo "2106"]

1.d4 Nf6 2.c4 g6 3.Nc3 Bg7 4.e4 d6 5.Nf3 O-O 6.Be2 e5 7.O-O Nc6 8.d5 Ne7
9.b4 Nh5 10.Re1 f5 11.Ng5 Nf6 12.f3 Kh8 13.Ne6 Bxe6 14.dxe6 a5 15.b5 b6 16.Nd5 f4
17.g3 g5 18.gxf4 Nfxd5 19.cxd5 exf4 20.Rb1 Ng6 21.Bf1 g4 22.Kh1 gxf3 23.Qxf3 Qh4
24.Bd2 Be5 25.Bh3 Qf6 26.Rbc1 Nh4 27.Qh5 Qe7 28.Rf1 Rae8 29.Be1 Ng6 30.Bf5 Rf6
31.Bc3 Rg8 32.Bxg6 Bxc3 33.Bf7 Bd4 34.Bxg8 Kxg8 35.Qg5+ Kh8 36.Rxf4 Rxe6
37.Rxc7 Qxg5 38.Rf8+ Qg8 39.Rxg8+ Kxg8 40.dxe6 h6 41.Rc8+ Kg7 42.e7  1-0

[Event "Corporation Centre Cup"]
[Site "Izhevsk RUS"]
[Date "2009.07.20"]
[Round "6"]
[White "Demianjuk,A"]
[Black "Glidzhain,G"]
[Result "1-0"]
[WhiteElo "2368"]
[BlackElo "2285"]

1.d4 Nf6 2.c4 g6 3.Nc3 Bg7 4.e4 d6 5.Nf3 O-O 6.Be2 e5 7.O-O Nc6 8.d5 Ne7
9.b4 Nh5 10.Re1 f5 11.Ng5 Nf6 12.f3 Nh5 13.c5 Nf4 14.Bc4 Kh8 15.Rb1 fxe4
16.Ngxe4 Nf5 17.g3 Nh3+ 18.Kg2 a5 19.cxd6 cxd6 20.Nb5 axb4 21.Rxb4 h6 22.a4 Ng5
23.Nxg5 hxg5 24.Bd3 Bf6 25.Qc2 Bd7 26.Rc4 Bxb5 27.axb5 Nd4 28.Qb1 Qa5 29.Rf1 Qxb5
30.Qxb5 Nxb5 31.Bxg6 Rfc8 32.Rxc8+ Rxc8 33.Bd2 Ra8 34.Kh3 Ra2 35.Rd1 Nd4
36.Kg4 b5 37.h3 Ra4 38.Be4 b4 39.Rc1 b3 40.Rc8+ Kg7 41.Rc7+ Kf8 42.Rb7 Ke8
43.Be3 Nc2 44.Kf5 Bd8 45.Rxb3 Nxe3+ 46.Rxe3 Ra7 47.Ke6 Ra2 48.Rc3 Ra8 49.Kxd6 Kf7
50.Rc6 Kf6 51.Kd7+ Kf7 52.Rc8 Rxc8 53.Kxc8 Ba5 54.d6 Ke6 55.d7 Ke7 56.h4  1-0

[Event "TCh Eur-Youth U18"]
[Site "Pardubice CZE"]
[Date "2009.07.20"]
[Round "5"]
[White "Prohaszka,P2"]
[Black "Huschenbeth,N"]
[Result "1-0"]
[WhiteElo "2508"]
[BlackElo "2416"]

1.d4 Nf6 2.c4 g6 3.Nc3 Bg7 4.e4 d6 5.Be2 O-O 6.Nf3 e5 7.O-O Nc6 8.d5 Ne7
9.Bg5 Nh5 10.Ne1 Nf4 11.Nd3 Nxe2+ 12.Qxe2 h6 13.Bd2 g5 14.c5 f5 15.f3 f4
16.Rac1 a6 17.Na4 b5 18.cxb6 cxb6 19.Qf2 g4 20.fxg4 Bxg4 21.Nxb6 Rb8 22.Nc4 Bf6
23.Ba5 Qd7 24.Nxd6 Qxd6 25.Bc7 Qd7 26.Bxe5 Ng6 27.Bxb8 Rxb8 28.Kh1 Re8 29.Rc6 Qg7
30.Nxf4 Nxf4 31.Qxf4 Bxb2 32.Qxh6 Qxh6 33.Rxh6 Rxe4 34.Rh4 Ba3 35.h3 Bf5
36.Rxe4 Bxe4 37.Rf4 Bxd5 38.Ra4 Be7 39.Rxa6 Kf7 40.a4 Bc4 41.Rc6 Bd5 42.Rb6 Bc4
43.a5 Bd8 44.Rc6 Bb5 45.Rd6 Ke7 46.Rh6 Kd7 47.a6 Bc6 48.a7 Be4 49.Rh8  1-0

[Event "13th Battle of Senta Open A"]
[Site "Senta SRB"]
[Date "2009.07.20"]
[Round "4"]
[White "Petrekanovic,M"]
[Black "Bojanic,Br"]
[Result "0-1"]
[WhiteElo "2152"]
[BlackElo "2235"]

1.d4 Nf6 2.Nf3 g6 3.c4 Bg7 4.Nc3 d6 5.e4 O-O 6.Be2 e5 7.O-O Nc6 8.d5 Ne7
9.b4 a5 10.Ba3 axb4 11.Bxb4 Nd7 12.a4 h6 13.a5 f5 14.Nd2 Nf6 15.Bf3 f4 16.c5 dxc5
17.Bxc5 g5 18.h3 Rf7 19.Nc4 Ng6 20.d6 Be6 21.Qe2 h5 22.Nd5 g4 23.Ne7+ Nxe7
24.dxe7 Rxe7 25.Bxe7 Qxe7 26.Nxe5 gxf3 27.Qxf3 Nh7 28.a6 bxa6 29.Ng6 Qf7
30.e5 Re8 31.Qxh5 f3 32.g4 Nf8 33.Nh4 Qxh5 34.gxh5 Bxe5 35.Rac1 Bd6 36.Nxf3 Bxh3
37.Rfe1 Rxe1+ 38.Nxe1 Ne6 39.Nd3 Nd4 40.Ra1 Ne2+ 41.Kh1 Bf5 42.Ne1 Bc8 43.Rb1 Kg7
44.Rb8 Bd7 45.Rb3 a5 46.Rb2 Bc6+ 47.f3 Nd4 48.Kg2 a4 49.Rd2 Be5 50.Kf2 a3
51.f4 Bf6 52.Nd3 Ne6 53.Kg3 Bb5 54.Nb4 Bc3 55.h6+ Kh7 56.Rh2 Bxb4 57.f5 Bd6+  0-1